Sons of john company : (Record no. 125595)
[ view plain ]
| 000 -LEADER | |
|---|---|
| fixed length control field | 00752nam a22002297a 4500 |
| 005 - DATE AND TIME OF LATEST TRANSACTION | |
| control field | 20170124105957.0 |
| 010 ## - LIBRARY OF CONGRESS CONTROL NUMBER | |
| LC control number | A-678926 |
| 020 ## - INTERNATIONAL STANDARD BOOK NUMBER | |
| Terms of availability | 380.00 |
| International Standard Book Number | 8170621852 |
| 035 ## - SYSTEM CONTROL NUMBER | |
| System control number | A-678926 |
| 037 ## - SOURCE OF ACQUISITION | |
| Source of stock number/acquisition | Cen Lib/Ret |
| 040 ## - CATALOGING SOURCE | |
| Original cataloging agency | DPL |
| Language of cataloging | EN |
| 082 ## - DEWEY DECIMAL CLASSIFICATION NUMBER | |
| Classification number | 355.09 |
| Item number | GAY |
| 100 ## - MAIN ENTRY--PERSONAL NAME | |
| Personal name | Gaylor, John |
| 9 (RLIN) | 14884 |
| 245 ## - TITLE STATEMENT | |
| Title | Sons of john company : |
| Statement of responsibility, etc | by John Gaylor |
| Remainder of title | the indian and pakistan armies 1903-1991 / |
| 260 ## - PUBLICATION, DISTRIBUTION, ETC. (IMPRINT) | |
| Place of publication, distribution, etc | New Delhi |
| Name of publisher, distributor, etc | Lancer International |
| Date of publication, distribution, etc | 1993 |
| 270 ## - ADDRESS | |
| City | New Delhi |
| Postal code | 110049 |
| Address | B-3, gulmohar park |
| 300 ## - PHYSICAL DESCRIPTION | |
| Extent | xi, 379p. : |
| Dimensions | 21cm(Hb) |
| 500 ## - GENERAL NOTE | |
| General note | Includes appendix and index |
| 650 ## - SUBJECT ADDED ENTRY--TOPICAL TERM | |
| Topical term or geographic name as entry element | Military historical aspects |
| Geographic subdivision | India-Pakistan |
| 9 (RLIN) | 14885 |
| 650 ## - SUBJECT ADDED ENTRY--TOPICAL TERM | |
| Topical term or geographic name as entry element | Diplomatic relation |
| 9 (RLIN) | 87941 |
| 942 ## - ADDED ENTRY ELEMENTS (KOHA) | |
| Source of classification or shelving scheme | Dewey Decimal Classification |
| Koha item type | English Books |
| Classification part | 355.09 |
| Call number suffix | GAY |
| Withdrawn status | Lost status | Damaged status | Not for loan | Home library | Current library | Date acquired | Source of acquisition | Cost, normal purchase price | Total Checkouts | Full call number | Barcode | Date last seen | Copy number | Cost, replacement price | Price effective from | Koha item type |
|---|---|---|---|---|---|---|---|---|---|---|---|---|---|---|---|---|
| Central Library | Central Library | 22/06/2015 | Cen Lib/Ret | 380.00 | 355.09 GAY | A-678926 | 22/06/2015 | 1 | 380.00 | 15/09/2016 | English Books |
